| 000 | 00421nam a2200145Ia 4500 | ||
|---|---|---|---|
| 008 | 220217s9999 xx 000 0 und d | ||
| 245 | 0 | _aSpecification for air hose of rubber with woven textile reinforcement. (Second Revision). | |
| 260 | _c1968 | ||
| 500 | _aStandard number: IS 446 | ||
| 650 | _aAir hose | ||
| 650 | _aRubber hose | ||
| 650 | _aTextile reinforcement | ||
| 650 | _aWoven reinforcement | ||
| 942 | _cST | ||
| 999 |
_c73789 _d73789 |
||